| 000 | 00556nam a22001817a 4500 | ||
|---|---|---|---|
| 999 |
_c9742 _d9742 |
||
| 003 | AR-CdUCM | ||
| 008 | 190328b ||||| |||| 00| 0 spa d | ||
| 040 |
_aMUNICIPALIDAD PROVINCIAL DEL CUSCO _cBIBLIOTECA MUNICIPAL DEL CUSCO |
||
| 082 |
_a843 / _bM26 |
||
| 100 |
_aMargueritte, Víctor _926164 |
||
| 245 |
_aLa Garzona : _bnovela / |
||
| 260 |
_aMadrid : _bImp. de A. Marzo, |
||
| 300 |
_a374 páginas ; _bretrato ; _c19 cm. |
||
| 650 |
_aNovela _95 |
||
| 700 |
_aVergara, Antonio de (traductor) _926165 |
||
| 942 |
_2ddc _cLIBROS |
||
| 945 |
_apjha _d2019-05-13 |
||